Creatividad en la literatura norteamericana / (Record no. 121949)

MARC details
000 -LEADER
campo de control de longitud fija 00659nam a2200193 4500
001 - NÚMERO DE CONTROL
campo de control 121949
003 - IDENTIFICADOR DE NÚMERO DE CONTROL
campo de control ES-MaACL
007 - CAMPO FIJO DE DESCRIPCIÓN FÍSICA--INFORMACIÓN GENERAL
campo de control de longitud fija t|
008 - DATOS DE LONGITUD FIJA--INFORMACIÓN GENERAL
campo de control de longitud fija 070214s1970 mx r ||||1| spa d
100 1# - ENTRADA PRINCIPAL--NOMBRE DE PERSONA
Nombre de persona Podhoretz, Norman.
9 (RLIN) 92712
245 10 - MENCIÓN DEL TÍTULO
Título Creatividad en la literatura norteamericana /
Mención de responsabilidad, etc. Norman Podhoretz ; introducción para el lector norteamericano por Mauricio Magdaleno ; traducida por Nuria Parés.
250 ## - MENCION DE EDICION
Mención de edición 1ª ed.
260 ## - PUBLICACIÓN, DISTRIBUCIÓN, ETC.
Lugar de publicación, distribución, etc. México :
Nombre del editor, distribuidor, etc. Pax,
Fecha de publicación, distribución, etc. 1970.
300 ## - DESCRIPCIÓN FÍSICA
Extensión XXIV, 326 p. ;
Dimensiones 21 cm.
700 1# - ENTRADA AGREGADA--NOMBRE PERSONAL
Nombre de persona Magdaleno, Mauricio.
9 (RLIN) 75460
700 0# - ENTRADA AGREGADA--NOMBRE PERSONAL
Nombre de persona Parés, Nuria,
Fechas asociadas al nombre 1925-2010
9 (RLIN) 89101
852 ## - LOCALIZACIÓN
Ubicación ES-MaACL
Número de control de estantería E-9756
Sublocalización o colección R.93541
Holdings
Estatus retirado Estado de pérdida Estado de daño No para préstamo Biblioteca de origen Biblioteca actual Ubicación en estantería Fecha de adquisición Fuente de adquisición Total de préstamos Signatura topográfica completa Código de barras Visto por última vez Precio de reemplazo Tipo de ítem Koha
        Biblioteca del Ateneo de Madrid Biblioteca del Ateneo de Madrid Depósito 2 17/01/2008     E-9756 1127085 23/02/2023 23/02/2023 Libro impreso